CS2 - BLAST.tv Austin Major 2025 - All teams and players - Statistics

General Stats
  • This quiz has been taken 81 times
  • The average score is 94 of 192
Answer Stats
Hint Answer % Correct
MOUZ
100%
1st Vitality
100%
Spirit
98%
2nd apEX
96%
FaZe
96%
G2
96%
15-16th The MongolZ
96%
5-8th ZywOo
96%
9-11th flameZ
93%
FURIA
93%
12-14th mezii
93%
donk
91%
Natus Vincere
91%
3-4th ropz
91%
28-30th 910
89%
chopper
89%
Falcons
89%
iM
89%
Liquid
89%
magixx
89%
s1mple
89%
sh1ro
89%
Spinx
89%
zont1x
89%
b1t
87%
karrigan
87%
m0NESY
87%
Aleksib
85%
br0
85%
Brollan
85%
frozen
85%
jL
85%
NiKo
85%
31-32nd paiN
85%
rain
85%
w0nderful
85%
EliGE
83%
HeavyGod
83%
huNter-
80%
FalleN
78%
25-27th mzinho
78%
NAF
78%
23-24th Senzu
78%
TeSeS
78%
torzsi
78%
xertioN
78%
17-19th bLitz
76%
Jimpphat
76%
KSCERATO
76%
Magisk
76%
Snax
76%
Twistzz
76%
kyxsan
74%
malbsMd
74%
MIBR
74%
molodoy
74%
siuhy
74%
Virtus.pro
74%
20-22nd Techno
72%
Aurora
70%
hades
70%
ultimate
70%
YEKINDAR
70%
HEROIC
67%
Legacy
67%
NertZ
67%
XANTARES
67%
TYLOO
65%
biguzera
63%
Lynn Vision
63%
woxic
63%
yuurih
63%
electroNic
61%
Wicadia
61%
snow
59%
B8
57%
fame
57%
FlyQuest
57%
MAJ3R
57%
nqz
57%
NRG
57%
3DMAX
54%
FL1T
52%
nitr0
52%
Complexity
50%
dav1deuS
50%
jottAAA
50%
M80
48%
SunPayus
48%
Wildcard
48%
Maka
46%
OG
46%
BetBoom
43%
dgt
43%
Fluxo
43%
INS
43%
insani
43%
dumau
41%
FL4MUS
41%
Jee
41%
Lucky
41%
Imperial
39%
Nemiga
39%
Attacker
37%
bodyy
37%
Boombl4
37%
EmiliaQAQ
37%
Grim
37%
ICY
37%
JamYoung
37%
latto
35%
alex666
33%
Ax1Le
33%
Graviti
33%
headtr1ck
33%
Lucaozy
33%
Mercury
33%
oSee
33%
slaxz-
33%
Sonic
33%
stanislaw
33%
Starry
33%
xfl0ud
33%
zweih
33%
Metizport
30%
n1ssim
30%
npl
30%
regali
30%
saffee
30%
HexT
28%
JT
28%
Liazz
28%
lux
28%
Moseyuh
28%
s1n
28%
tN1R
28%
Vexite
28%
Chinggis Warriors
26%
Ex3rcice
26%
kensizor
26%
Lake
26%
saadzin
26%
Swisher
26%
arT
24%
decenty
24%
exit
24%
nettik
24%
nicoodoz
24%
S1ren
24%
Westmelon
24%
z4kr
24%
F1KU
22%
LNZ
22%
Magnojez
22%
nicx
22%
try
22%
VINI
22%
brnz4n
20%
isak
20%
Jeorge
20%
yxngstxr
20%
C4LLM3SU3
17%
noway
17%
phzy
17%
riskyb0b
17%
zorte
17%
adamb
15%
Cxzi
15%
esenthial
15%
JBa
15%
kye
15%
susp
15%
controlez
13%
hampus
13%
khaN
13%
reck
13%
1eeR
11%
Chr1zN
11%
Plopski
11%
zevy
11%
junior
9%
L00m1
9%
piriajr
9%
Xant3r
9%
Buzz
7%
chayJESUS
7%
cool4st
7%
spooke
7%
mlhzin
2%
ariucle
0%
Efire
0%
ROUX
0%
No matching quizzes found
Score Distribution
Percent of People with Each Score
Percentile by Number Answered
Your Score History
You have not taken this quiz